[Event "COL-ch"]
[Site "Quibdo"]
[Date "2015.11.11"]
[Round "3"]
[White "Otero, Daniel"]
[Black "Remicio Duque, John H"]
[Result "0-1"]
[WhiteElo "2179"]
[BlackElo "2064"]
[PlyCount "58"]
[EventDate "2015.11.10"]
[EventType "swiss"]
[EventRounds "9"]
[EventCountry "COL"]
[SourceTitle "CBM 169 Extra"]
[Source "ChessBase"]
[SourceDate "2015.12.18"]
[SourceVersion "1"]
[SourceVersionDate "2015.12.18"]
[SourceQuality "1"]

1. e4 c5 2. Nf3 d6 3. c3 Nf6 4. Be2 g6 5. 0-0 Bg7 6. Re1 0-0 7. Bf1 Bg4 8. h3 Bxf3 9. Qxf3 Nc6 10. b3 Rc8 11. Bb2 e5 12. Na3 Re8 13. Bc4 a6 14. g4 h6 15. Rad1 b5 16. Bf1 Nh7 17. Nc2 Ng5 18. Qg2 Ne6 19. Ne3 Kh7 20. Nd5 Ne7 21. Qf3 Nxd5 22. exd5 Ng5 23. Qe3 f5 24. gxf5 gxf5 25. h4 f4 26. Qe2 e4 27. Bg2 f3 28. Qe3 Qd7 29. Qf4 Be5 0-1

[Event "COL-ch"]
[Site "Quibdo"]
[Date "2015.11.11"]
[Round "4"]
[White "Valdeblanquez, Jeiner Jair"]
[Black "Otero, Daniel"]
[Result "1/2-1/2"]
[WhiteElo "1937"]
[BlackElo "2179"]
[PlyCount "45"]
[EventDate "2015.11.10"]
[EventType "swiss"]
[EventRounds "9"]
[EventCountry "COL"]
[SourceTitle "CBM 169 Extra"]
[Source "ChessBase"]
[SourceDate "2015.12.18"]
[SourceVersion "1"]
[SourceVersionDate "2015.12.18"]
[SourceQuality "1"]

1. e4 e6 2. d4 d5 3. Nd2 dxe4 4. Nxe4 Nf6 5. Bg5 Be7 6. Bxf6 Bxf6 7. Nf3 Bd7 8. Bd3 Bc6 9. Qe2 Bxd4 10. 0-0-0 Bf6 11. g4 Qd5 12. Kb1 Nd7 13. Rhe1 0-0-0 14. c4 Qa5 15. Nxf6 Bxf3 16. Qxf3 Nxf6 17. h4 h6 18. a3 c6 19. g5 hxg5 20. hxg5 Qxg5 21. Rg1 Qh6 22. Rh1 Qg5 23. Rhg1 1/2-1/2

[Event "San Andres Islas Caribe-ch"]
[Site "San Andres Islas"]
[Date "2015.05.06"]
[Round "3"]
[White "Castaneda, Jorge Luis"]
[Black "Otero, Daniel"]
[Result "1/2-1/2"]
[WhiteElo "2199"]
[BlackElo "2204"]
[PlyCount "77"]
[EventDate "2015.05.05"]
[EventType "swiss"]
[EventRounds "6"]
[EventCountry "COL"]
[SourceTitle "CBM 166 Extra"]
[Source "ChessBase"]
[SourceDate "2015.06.18"]
[SourceVersion "1"]
[SourceVersionDate "2015.06.18"]
[SourceQuality "1"]

1. d4 Nf6 2. Nf3 e6 3. e3 b6 4. Bd3 Bb7 5. 0-0 d6 6. Nbd2 Nbd7 7. e4 e5 8. c3 Be7 9. Re1 0-0 10. Nf1 Re8 11. Ng3 Bf8 12. d5 c6 13. dxc6 Bxc6 14. Bc4 b5 15. Bb3 Nc5 16. Bg5 Nxb3 17. axb3 h6 18. Bxf6 Qxf6 19. b4 Qe6 20. Qd3 Red8 21. Qc2 Qd7 22. Nf5 Qc7 23. Ne3 a5 24. bxa5 Rxa5 25. Rad1 Rda8 26. Nd2 g6 27. Nb3 Ra4 28. f3 Be7 29. Nc1 b4 30. b3 Ra1 31. c4 Bg5 32. Qd3 Qb6 33. Kf1 Bd7 34. Nc2 R1a6 35. Qe2 Bh4 36. Nd3 Bxe1 37. Qxe1 Be6 38. Ndxb4 R6a7 39. Qd2 1/2-1/2

[Event "Mosquera op"]
[Site "Mosquera"]
[Date "2014.11.02"]
[Round "7"]
[White "Rodriguez Rueda, Paula Andrea"]
[Black "Otero, Daniel"]
[Result "1/2-1/2"]
[WhiteElo "2335"]
[BlackElo "2179"]
[PlyCount "74"]
[EventDate "2014.10.30"]
[EventType "swiss"]
[EventRounds "9"]
[EventCountry "COL"]
[SourceTitle "EXT 2015"]
[Source "ChessBase"]
[SourceDate "2014.11.20"]
[SourceVersion "1"]
[SourceVersionDate "2014.11.20"]
[SourceQuality "1"]

1. d4 d5 2. c4 c6 3. e3 Nf6 4. Nc3 a6 5. c5 Bf5 6. Nf3 Nbd7 7. Be2 e6 8. 0-0 Be7 9. Nh4 0-0 10. Nxf5 exf5 11. Qc2 g6 12. b4 Re8 13. Rb1 Bf8 14. Kh1 Bg7 15. Bd2 Nf8 16. a4 Ne6 17. g3 h5 18. Ra1 Nd7 19. b5 axb5 20. axb5 Rxa1 21. Rxa1 Ndxc5 22. bxc6 bxc6 23. dxc5 d4 24. Bf3 dxc3 25. Bxc3 Qe7 26. Bxg7 Kxg7 27. Rc1 Kg8 28. Qc3 Rb8 29. Qe5 Rb5 30. Ra1 Qf8 31. Qd6 Rxc5 32. Qd7 Rb5 33. Bxc6 Rb8 34. Bd5 Rd8 35. Qc6 Qd6 36. Qxd6 Rxd6 37. Bxe6 fxe6 1/2-1/2

[Event "Mosquera op"]
[Site "Mosquera"]
[Date "2014.11.01"]
[Round "5"]
[White "Lopez Hernandez, Carlos Manuel"]
[Black "Otero, Daniel"]
[Result "0-1"]
[WhiteElo "2313"]
[BlackElo "2179"]
[PlyCount "80"]
[EventDate "2014.10.30"]
[EventType "swiss"]
[EventRounds "9"]
[EventCountry "COL"]
[SourceTitle "EXT 2015"]
[Source "ChessBase"]
[SourceDate "2014.11.20"]
[SourceVersion "1"]
[SourceVersionDate "2014.11.20"]
[SourceQuality "1"]

1. e4 e5 2. Nf3 d6 3. d4 Nd7 4. Bc4 c6 5. Nc3 Be7 6. dxe5 dxe5 7. Ng5 Bxg5 8. Qh5 Qe7 9. Bxg5 Ngf6 10. Qh4 b5 11. Bd3 a6 12. 0-0 h6 13. Rad1 Nf8 14. Bxf6 Qxf6 15. Qxf6 gxf6 16. a4 b4 17. Ne2 Ke7 18. Ng3 a5 19. b3 Be6 20. Rd2 Rd8 21. Nf5+ Bxf5 22. exf5 Nd7 23. Rfd1 Nc5 24. f3 Rhg8 25. Kf2 Rd4 26. Bf1 Rf4 27. Bd3 Rd8 28. g4 e4 29. Bc4 Rxf3+ 30. Kg2 Rxd2+ 31. Rxd2 Rc3 32. h4 e3 33. Re2 Nd7 34. Bd3 Ne5 35. Rxe3 Kd6 36. Kg3 Nxd3 37. Rxd3+ Rxd3+ 38. cxd3 Kd5 39. Kf3 Kd4 40. Kf4 Kxd3 0-1

[Event "Bogota Students-ch 22th"]
[Site "Bogota"]
[Date "2013.11.04"]
[Round "3"]
[White "Otero, Daniel"]
[Black "Arias, Juan Camilo"]
[Result "1-0"]
[WhiteElo "2165"]
[BlackElo "1681"]
[PlyCount "81"]
[EventDate "2013.11.03"]
[EventType "swiss"]
[EventRounds "6"]
[EventCountry "COL"]
[SourceTitle "EXT 2014"]
[Source "ChessBase"]
[SourceDate "2013.11.20"]
[SourceVersion "1"]
[SourceVersionDate "2013.11.20"]
[SourceQuality "1"]

1. Nf3 Nf6 2. g3 d5 3. Bg2 Nbd7 4. d4 e6 5. 0-0 Bd6 6. c4 dxc4 7. Nbd2 0-0 8. Nxc4 Be7 9. Qc2 Nd5 10. Rd1 N7b6 11. Nce5 Nb4 12. Qd2 f6 13. Nd3 Nxd3 14. Qxd3 Bd7 15. Nd2 Rb8 16. Nb3 Ba4 17. Bd2 Qd7 18. Be4 f5 19. Bf3 Bb5 20. Qc2 Ba4 21. Rdc1 c6 22. Qc3 Nd5 23. Nc5 Bxc5 24. Qxc5 b6 25. Qc4 Bb5 26. Qc2 Rbc8 27. b4 Qd6 28. a4 Ba6 29. Qb2 Rfe8 30. a5 Bb5 31. axb6 axb6 32. Ra7 Re7 33. Rca1 Rd7 34. R1a3 Nc7 35. Bf4 Qe7 36. Qa2 Rxd4 37. Bxc7 Rxc7 38. Rxc7 Qxc7 39. Qxe6+ Kf8 40. Qxf5+ Ke7 41. Re3+ 1-0